000 00290nam a2200109Ia 4500
008 200302s9999 xx 000 0 und d
100 _aAri Meisel
245 _aLeed Materials A Resource Guide to Green Building
260 _bPrinceton Architectural Press
260 _c2010
300 _a223 P.,
999 _c2944
_d2944